000
00381nam a2200145Ia 4500
008
100122s9999 xx 000 0 und d
082
_b
40100
_a
823
100
_a
राजहंस
245
_a
दिलदार
260
_b
मनोरमा प्रकाशन
_c
1905
300
_a
203
630
_a
दिलदार
730
_a
दिलदार
942
_c
BOOK
999
_c
421062
_d
421059